| 000 | 02693 a2200337 4500 | ||
|---|---|---|---|
| 003 | BJBSDDR | ||
| 005 | 20250401161815.0 | ||
| 007 | ta | ||
| 008 | 250313s2024 sp 00| 0 spa d | ||
| 020 | _a9788425920523 | ||
| 020 | _a8425920523 | ||
| 040 |
_bspa _cBJBSDDR |
||
| 041 | _aspa | ||
| 050 | 1 | 4 |
_aK 3820 _bS211p 2024 |
| 100 | 1 |
_aSánchez de Pazos Peigneux, Carlos _941156 |
|
| 245 | 1 | 3 |
_aEl principio de primacía en el control de constitucionalidad de los Tratados de "Nueva Generación" / _cCarlos Sánchez de Pazos Peigneux ; prólogo de Enrique Arnaldo Alcubilla. |
| 260 |
_aMadrid : _bCentro de Estudios Políticos y Constitucionales, _c2024. |
||
| 300 |
_a555 páginas ; _c22 cm. |
||
| 490 | 1 | _aEstudios constitucionales | |
| 520 | _aLa proliferación de los llamados Tratados de «Nueva Generación», categoría específica de Acuerdos de Libre Comercio suscritos por la Unión Europea y sus Estados miembros con terceros países, presenta retos para el ordenamiento constitucional de los Estados europeos. En adición a su creciente número, tanto la ambición de su espectro regulatorio como su condición de «acuerdos vivos» impiden descartar la eventual aparición de antinomias entre estos formidables instrumentos del Derecho comunitario y las Constituciones nacionales. Partiendo de esta posibilidad, y tras analizar la naturaleza de estos tratados y del principio de primacía en el Derecho comparado e interno, este libro trata de ofrecer respuestas al principal interrogante que plantea dicho escenario «de laboratorio». En particular, si en el actual estado de cosas la primacía del Derecho de la Unión constituye un límite infranqueable para la supremacía constitucional --y, por tanto, también para el control de constitucionalidad de estos tratados y su Derecho derivado-- o si existe, en cambio y en determinados «casos límite», la posibilidad de excepcionar la vertiente supraconstitucional de este principio comunitario para garantizar, en último término, el respeto del «Derecho TTNG» a la normatividad de la Constitución española. | ||
| 586 | _aPremio Nicolás Pérez Serrano 2022 | ||
| 650 | 4 |
_aTratados comerciales _941492 _zPaíses de la Unión Europea |
|
| 650 | 4 |
_aDerecho comunitario _zPaíses de la Unión Europea _97755 |
|
| 650 | 0 |
_aPolítica comercial _97465 _zPaíses de la Unión Europea |
|
| 650 | 4 |
_aControl jurisdiccional de las leyes _941135 _zEspaña |
|
| 650 | 4 |
_aTribunales constitucionales _93874 _zPaíses de la Unión Europea |
|
| 700 | 1 |
_aArnaldo Alcubilla, Enrique, _d1957- _926873 _eprologuista |
|
| 830 | 0 |
_aColección "Estudios constitucionales" _940990 |
|
| 942 |
_2lcc _cBK |
||
| 946 | _irmza | ||
| 999 |
_c122962 _d122962 |
||